| 000 -LEADER |
| fixed length control field |
00661nam a22001217a 4500 |
| 040 ## - CATALOGING SOURCE |
| Transcribing agency |
RUA |
| 082 ## - DEWEY DECIMAL CLASSIFICATION NUMBER |
| Classification number |
AVM PHO 2025 B705 Or.1 |
| 100 ## - MAIN ENTRY--AUTHOR NAME |
| Personal name |
PHON PUTHEA, ផុន ពុទ្ធា |
| 245 ## - TITLE STATEMENT |
| Title |
Case of antibiotic resistance among escherichia coli isolated from pigs in preaek phtoul commune, angkorbrey district takeo province, ករណី ESCHERICHIA COLI ស៊ាំនឹងឳសថអង់ទីប៊ីយ៉ូទិកលើជ្រូក នៅឃុំព្រែកផ្ទោល ស្រុកអង្គរបូរី ខេត្តតាកែវ |
| 260 ## - PUBLICATION, DISTRIBUTION, ETC. (IMPRINT) |
| Place of publication |
PHNOM PENH |
| Name of publisher |
RUA |
| Year of publication |
2025 |
| 300 ## - PHYSICAL DESCRIPTION |
| Number of Pages |
ix,41p. |
| Other physical details |
ill. |
| Dimensions |
29cm. |
| 942 ## - ADDED ENTRY ELEMENTS (KOHA) |
| Koha item type |
AVM |
| 952 ## - LOCATION AND ITEM INFORMATION (KOHA) |
| Withdrawn status [LOCAL, KOHA] |
0 |
| 952 ## - LOCATION AND ITEM INFORMATION (KOHA) |
| Withdrawn status [LOCAL, KOHA] |
0 |